000 00621nam a2200229Ia 4500
003 OSt
005 20220517092408.0
008 210210b2000 xxu||||| |||| 00| 0 eng d
040 _aAL
_c
041 _aEnglish
082 _a610.02 SHEC
100 _aSHEKAR (Usha) and others
_937502
245 _aC E T power scanner for medical and engineering entrance examination
260 _aBangalore
_bYes international
_c2000
300 _a...156
650 _amedical
_937503
650 _aentrance
_937504
650 _aengineering
_937505
690 _aMedical Entrance
_937506
906 _a055822
942 _2ddc
_cBK
999 _c103390
_d103390